Remarkable leadership : (Record no. 19776)

000 -LEADER
fixed length control field 02298cam a2200361 a 4500
001 - CONTROL NUMBER
control field 14744453
005 - DATE AND TIME OF LATEST TRANSACTION
control field 20170117142408.0
008 - FIXED-LENGTH DATA ELEMENTS--GENERAL INFORMATION
fixed length control field 070223s2007 caua b 000 0 eng
010 ## - LIBRARY OF CONGRESS CONTROL NUMBER
LC control number 2007008061
015 ## - NATIONAL BIBLIOGRAPHY NUMBER
National bibliography number GBA743317
Source bnb
016 7# - NATIONAL BIBLIOGRAPHIC AGENCY CONTROL NUMBER
Record control number 013761589
Source Uk
020 ## - INTERNATIONAL STANDARD BOOK NUMBER
International Standard Book Number 9780787996192 (cloth)
020 ## - INTERNATIONAL STANDARD BOOK NUMBER
International Standard Book Number 078799619X (cloth)
035 ## - SYSTEM CONTROL NUMBER
System control number (OCoLC)ocm85485152
035 ## - SYSTEM CONTROL NUMBER
System control number (OCoLC)85485152
040 ## - CATALOGING SOURCE
Original cataloging agency DLC
Transcribing agency DLC
Modifying agency DLC
050 00 - LIBRARY OF CONGRESS CALL NUMBER
Classification number BF637.L4
Item number E37 2007
082 00 - DEWEY DECIMAL CLASSIFICATION NUMBER
Classification number 158/.4
Edition number 22
100 1# - MAIN ENTRY--PERSONAL NAME
Personal name Eikenberry, Kevin,
Dates associated with a name 1962-
245 10 - TITLE STATEMENT
Title Remarkable leadership :
Remainder of title unleashing your leadership potential one skill at a time /
Statement of responsibility, etc. Kevin Eikenberry.
250 ## - EDITION STATEMENT
Edition statement 1st ed.
260 ## - PUBLICATION, DISTRIBUTION, ETC. (IMPRINT)
Place of publication, distribution, etc. San Francisco :
Name of publisher, distributor, etc. John Wiley & Sons,
Date of publication, distribution, etc. c2007.
300 ## - PHYSICAL DESCRIPTION
Extent xii, 274 p. :
Other physical details ill. ;
Dimensions 24 cm.
504 ## - BIBLIOGRAPHY, ETC. NOTE
Bibliography, etc Includes bibliographical references (p. 263-265).
505 0# - FORMATTED CONTENTS NOTE
Formatted contents note The leader in you -- Leadership development in the real world -- How to get the most out of this book -- Remarkable leaders learn continually -- Remarkable leaders champion change -- Remarkable leaders communicate powerfully -- Remarkable leaders build relationships -- Remarkable leaders develop others -- Remarkable leaders focus on customers -- Remarkable leaders influence with impact -- Remarkable leaders think and act innovatively -- Remarkable leaders value collaboration and teamwork -- Remarkable leaders solve problems and make decisions -- Remarkable leaders take responsibility and are accountable -- Remarkable leaders manage projects and processes successfully -- Remarkable leaders set goals and support goal achievement.
650 #0 - SUBJECT ADDED ENTRY--TOPICAL TERM
Topical term or geographic name as entry element Leadership.
856 41 - ELECTRONIC LOCATION AND ACCESS
Materials specified Table of contents only
Uniform Resource Identifier <a href="http://www.loc.gov/catdir/toc/ecip0712/2007008061.html">http://www.loc.gov/catdir/toc/ecip0712/2007008061.html</a>
856 42 - ELECTRONIC LOCATION AND ACCESS
Materials specified Contributor biographical information
Uniform Resource Identifier <a href="http://www.loc.gov/catdir/enhancements/fy0745/2007008061-b.html">http://www.loc.gov/catdir/enhancements/fy0745/2007008061-b.html</a>
856 42 - ELECTRONIC LOCATION AND ACCESS
Materials specified Publisher description
Uniform Resource Identifier <a href="http://www.loc.gov/catdir/enhancements/fy0745/2007008061-d.html">http://www.loc.gov/catdir/enhancements/fy0745/2007008061-d.html</a>
942 ## - ADDED ENTRY ELEMENTS (KOHA)
Source of classification or shelving scheme
Koha item type Hard Covered Materials
Classification part BF637 .L4E37 2007
Holdings
Withdrawn status Lost status Source of classification or shelving scheme Damaged status Not for loan Home library Current library Shelving location Date acquired Source of acquisition Total Checkouts Full call number Barcode Date last seen Price effective from Koha item type
          MACHAKOS UNIVERSITY LIBRARY MACHAKOS UNIVERSITY LIBRARY Open shelf 17/01/2017 Donation(BFA)   BF637 .L4E37 2007 30381 17/01/2017 17/01/2017 Hard Covered Materials
© Machakos University Library, Along The Highway, Machakos Wote Rd, Machakos, Kenya P.O. Box 136 - 90100 Machakos - Kenya

Tel: ( +254 ) 723 805829 OR Fax : 044-20353 OR Email: library@mksu.ac.ke